00481nam a2200169Ia 4500008004100000082000800041100003100049245002600080250000600106260003900112300000800151500002400159650001400183942000700197952009000204999001700294230524s9999 xx 000 0 und d bBAN aSudip Bandyopadhyay941945 0aEngineering Chemistry a1 aNew DelhibChhaya Prakashanic2011 a296 aQuantity Number: 1 aChemistry cBK 00104070aTATCLbTATCLcGENd2023-05-24l0o BANp53811r2023-05-24w2023-05-24yBK c56364d56364